000 00333 a2200109 4500
001 ART_50776
005 20260410162007.0
008 260409a
245 1 0 _aEl uso exclusivo y excluyente de un condominio
100 1 _aHumphreys, Ethel
773 0 _tTemas de derecho civil
_g- Año 6, N° 3 (mar. 2020)
_wREV34778
999 _c31862
_d31862